000 00689nam a22002177a 4500
003 BUBTL
008 221204b ||||| |||| 00| 0 eng d
082 _a325.3/ M5191c/ 1974
100 _95013
_a Memmi, Albert
245 _aThe colonizer and the colonized/
_cAlbert Memmi
250 _a1st Edn.
260 _aBoston:
_bBeacon Press,
_cc1974
300 _a197 p.:
_c22 cm.
505 _aEnglish, The colonizer and the colonized, Albert Memmi, Colonized, English Literature
650 0 _91994
_aEnglish Literature
700 _95014
_a Sartre, Jean-Paul
700 _95015
_aGordimer, Nadine
856 _k0
_l0
_yDownload
942 _2ddc
_cBK
999 _c6850
_d6850